Ca thư Những câu hát của người Sán Chay

Ghi chép lại những câu hát đối đáp giữa nam và nữ của người dân tộc Sán Chay sống ở vùng Lạng Giang biên giới phía Bắc, những câu hát viết bằng chữ Hán được dịch nghĩa và phiên âm sang tiếng Việt

Сохранить в:
Библиографические подробности
Главный автор: Đỗ, Thị Hảo
Другие авторы: Đỗ Thị Hảo
Язык:Undetermined
Опубликовано: Hà Nội Đại học Quốc Gia Hà Nội 2011
Предметы:
Метки: Добавить метку
Нет меток, Требуется 1-ая метка записи!
Thư viện lưu trữ: Trung tâm Học liệu Trường Đại học Trà Vinh
LEADER 00953nam a2200253Ia 4500
001 TVU_17521
008 210423s9999 xx 000 0 und d
020 |a 9786046205081 
041 |a Vie 
082 |a 398.809597 
082 |b C100TH 
100 |a Đỗ, Thị Hảo 
245 0 |a Ca thư 
245 0 |b Những câu hát của người Sán Chay 
245 0 |c Đỗ Thị Hảo (chủ biên) 
260 |a Hà Nội 
260 |b Đại học Quốc Gia Hà Nội 
260 |c 2011 
300 |a 602 tr. 
300 |c 21 cm 
520 |a Ghi chép lại những câu hát đối đáp giữa nam và nữ của người dân tộc Sán Chay sống ở vùng Lạng Giang biên giới phía Bắc, những câu hát viết bằng chữ Hán được dịch nghĩa và phiên âm sang tiếng Việt 
650 |a Văn học dân gian; Dân tộc Sán Chay 
700 |a Đỗ Thị Hảo  
980 |a Trung tâm Học liệu Trường Đại học Trà Vinh